Statistiques concernant Lands fédéraux et cantons sur le lac de Constance

Cliquez ici pour prendre le quiz!

Statistiques générales

  • Ce quiz a été pris 27 fois
  • Le résultat moyen est 4 sur 6

Réponses sur la Carte

Les réponses sont colorées sur une échelle allant du rouge au vert en fonction du pourcentage des utilisateurs qui les ont devinées à leur premier essai. Vous pouvez retrouver ces pourcentages ci-dessous.
Chargement ...
 

Statistiques - réponses

Land fédéral / Canton% Correct
Bavière
91%
Bade-Wurtemberg
74%
Saint-Gall
70%
Thurgovie
65%
Schaffhouse
61%
Vorarlberg
43%

Distribution des résultats

Percentile par nombre de réponses

% des personnes avec chaque résultat

Votre développement - résultats

Vous n’avez pas pris ce quiz